The exergy method of thermal plant analysis

Saved in:
Bibliographic Details
Main Author: Kotas, Tadeusz Josef
Format: Book
Language:English
Published: London : Butterworths, 1985
Subjects:
Tags: Add Tag
No Tags, Be the first to tag this record!

MARC

LEADER 00000nam a2200000 i 4500
001 1/63874
008 930928s1985 eng d
020 |a 0-408-01350-8 
035 |a ΛΕΣΒΟΣb10001286  |l 10001286 
040 |a GR-MY-UA  |b gre  |e aacr 
041 0 |a eng 
082 0 |a 621.4021 
100 1 |a Kotas, Tadeusz Josef. 
245 1 4 |a The exergy method of thermal plant analysis /  |c T. J. Kotas 
260 |a London :   |b Butterworths,   |c 1985 
300 |a 296 p. 
504 |a Includes bibliographical references and index 
650 0 0 |a Thermodynamics. 
650 0 0 |a System analysis. 
650 0 0 |a Power (Mechanics) 
852 |a INST  |b LESVOS  |e 19930928  |h 621.4021 KOT  |p 005100005866  |q 005100005866  |t BK  |y 0 
909 |a Λ  |b 017032